| 000 | 00720nam a22002057a 4500 | ||
|---|---|---|---|
| 999 |
_c19276 _d19276 |
||
| 003 | AR-CdUCM | ||
| 008 | 190517b ||||| |||| 00| 0 spa d | ||
| 040 |
_aMUNICIPALIDAD PROVINCIAL DEL CUSCO _cBIBLIOTECA MUNICIPAL DEL CUSCO |
||
| 082 |
_a860 / _bV954 |
||
| 100 |
_aVoronoff, Serge _940525 |
||
| 245 | _aA la conquista de la vida / | ||
| 260 |
_aMadrid : _bM. Aguilar, |
||
| 300 |
_a212 páginas ; _c18 cm. |
||
| 505 | _aContenido: Las causas de la vejez y de la muerte -- Papel de las glándulas de secreción interna -- Lucha contra la vejez... | ||
| 650 |
_aVejez _916193 |
||
| 650 |
_aMales jovenes _940526 |
||
| 700 |
_aCañellas, F. (traducción) _940527 |
||
| 942 |
_2ddc _cLIBROS |
||
| 945 |
_adavv _d2019-05-17 |
||